00891 2200313 4500001002100000005001500021035002000036007000300056008004100059040001700100100001800117245010800135250001000243300003500253020002200288041000800310082001200318084001800330090002300348260004700371600001100418700002800429850001000457990002200467990002200489990002200511990002200533990002200555INLIS00000000000321020260528024204 a0010-0421000033ta260528 0  aSBPUPADbind0 aAs'ad Sungguh1 aPedoman Umum Ejaan Bahasa Indonesia :bdan Pembentukan Istilah /cAs'ad Sungguh;editor, Restu Damayanti aCet.1 ax, 388 hlm. :bilus ;c20,5 cm a978-602-217-576-60 aind a499.221 a499.221 ASA p a499.221 ASA p 15-2 aJakarta :bBumi Aksara,c978-602-217-576-6 4aBahasa0 aeditor, Restu Damayanti aPUPAD a25.207/B/DPK/2017 a25.209/B/DPK/2017 a25.206/B/DPK/2017 a25.206/B/DPK/2017 a25.208/B/DPK/2017